Возможности университета в организации учебного процесса в гибридном формате в условиях пандемии; Будущее системы образования в условиях COVID-19

Detaylı Bibliyografya
Parent link:Будущее системы образования в условиях COVID-19.— 2021.— [С. 67-71]
Yazar: Лидер А. М. Андрей Маркович
Kurumsal yazarlar: Национальный исследовательский Томский политехнический университет Инженерная школа ядерных технологий Отделение экспериментальной физики, Национальный исследовательский Томский политехнический университет Учебно-научный центр "Организация и технологии высшего профессионального образования"
Diğer Yazarlar: Склярова Е. А. Елена Александровна, Слесаренко И. В. Инга Валерьевна
Özet:Заглавие с экрана
Возможности университета по реализации гибридного обучения безграничны. Опыт Томского политехнического университета по организации и реализации учебного процесса в формате гибридного обучения в условиях пандемии рассматривается в рамках решения трех групп задач современного этапа развития гибридного обучения - организационно-методических, учебно-методических (дидактических), психолого-педагогических. Обсуждаются доступные методические и организационные решения, внедряемые модели гибридного обучения, сформулированы рекомендации по организации учебного процесса в гибридном формате в условиях пандемии Covid19.
Dil:Rusça
Baskı/Yayın Bilgisi: 2021
Konular:
Online Erişim:https://kazmkpu.kz/uploads/uploaded_files/Объявления/сборник%20форума.pdf#page=67
Materyal Türü: MixedMaterials Elektronik Kitap Bölümü
KOHA link:https://koha.lib.tpu.ru/cgi-bin/koha/opac-detail.pl?biblionumber=665624

MARC

LEADER 00000naa0a2200000 4500
001 665624
005 20250818130917.0
035 |a (RuTPU)RU\TPU\network\36827 
035 |a RU\TPU\network\35520 
090 |a 665624 
100 |a 20211027d2021 k y0rusy50 ca 
101 0 |a rus 
102 |a KZ 
135 |a drcn ---uucaa 
181 0 |a i  
182 0 |a b 
200 1 |a Возможности университета в организации учебного процесса в гибридном формате в условиях пандемии  |f А. М. Лидер, Е. А. Склярова, И. В. Слесаренко 
203 |a Текст  |c электронный 
300 |a Заглавие с экрана 
320 |a [Библиогр.: 15 назв.] 
330 |a Возможности университета по реализации гибридного обучения безграничны. Опыт Томского политехнического университета по организации и реализации учебного процесса в формате гибридного обучения в условиях пандемии рассматривается в рамках решения трех групп задач современного этапа развития гибридного обучения - организационно-методических, учебно-методических (дидактических), психолого-педагогических. Обсуждаются доступные методические и организационные решения, внедряемые модели гибридного обучения, сформулированы рекомендации по организации учебного процесса в гибридном формате в условиях пандемии Covid19. 
463 |t Будущее системы образования в условиях COVID-19  |o сборник статей международного форума, приуроченный к международному дню образования, 10 Февраля 2021  |v [С. 67-71]  |d 2021 
610 1 |a электронный ресурс 
610 1 |a труды учёных ТПУ 
610 1 |a гибридное обучение 
610 1 |a университеты 
610 1 |a учебный процесс 
700 1 |a Лидер  |b А. М.  |c физик  |c профессор Томского политехнического университета, доктор технических наук  |f 1976-2025  |g Андрей Маркович  |3 (RuTPU)RU\TPU\pers\25616  |9 11545 
701 1 |a Склярова  |b Е. А.  |c физик  |c доцент Томского политехнического университета, кандидат педагогических наук  |f 1972-  |g Елена Александровна  |3 (RuTPU)RU\TPU\pers\24507  |9 10826 
701 1 |a Слесаренко  |b И. В.  |c лингвист  |c заведующий кафедрой, главный эксперт Томского политехнического университета, кандидат педагогических наук  |f 1975-  |g Инга Валерьевна  |3 (RuTPU)RU\TPU\pers\24484  |9 10807 
712 0 2 |a Национальный исследовательский Томский политехнический университет  |b Инженерная школа ядерных технологий  |b Отделение экспериментальной физики  |3 (RuTPU)RU\TPU\col\23549  |9 28346 
712 0 2 |a Национальный исследовательский Томский политехнический университет  |b Учебно-научный центр "Организация и технологии высшего профессионального образования"  |3 (RuTPU)RU\TPU\col\27357  |9 28660 
801 2 |a RU  |b 63413507  |c 20211027  |g RCR 
856 4 |u https://kazmkpu.kz/uploads/uploaded_files/Объявления/сборник%20форума.pdf#page=67 
942 |c CF